000 00359nam a2200145 a 4500
008 970113s1981||||xx 0 und c
040 _aSNK
_bslo
_cSNK
_eAACR2
100 1 _aDemo, Ondrej
245 1 0 _aZ klenotnice slovenských ľudových piesní
260 _aBratislava
_bOpus
_c1981
300 _a408 s.
044 _axo
_cSK
041 _aslo
020 _c48
999 _c15091
_d15091